000 00994nam a2200229Ia 4500
001 10152
003 GE_BSU
008 181216s||||||||xx |||||||||||||| ||und||
040 _cGE_BSU
080 _a821.353.1.092+94(47+57)
100 _aსულიაშვილი,დავით
245 _aდღენი ჩვენი ცხოვრებისა
245 _bქართველი მწერლები.სსრ კავშირის ისტორია
245 _cრედ.ლ.ნანიტაშვილი.მხატვ.თ.მაცაბერიძე
260 _aთბილისი
260 _bსაბჭოთა საქართველო
260 _c1966
300 _a413გვ.1ფ.პორტრ.21სმ.
653 _aდღენი ჩვენი ცხოვრებისა
653 _aქართველი მწერლები.სსრ კავშირის ისტორია
942 _cBK
999 _c43422
_d43422